| 000 | 00614nam a2200205 a 4500 | ||
|---|---|---|---|
| 005 | 20220603063552.0 | ||
| 008 | 991125s1993 mx 000 0 spa u | ||
| 020 | _a9681640055 | ||
| 035 | _aUPN01000020536 | ||
| 049 | _aI | ||
| 050 | 4 |
_aPZ14.9 V266 _bE88 |
|
| 100 | 1 |
_aVan Allsburg, Chris, _d1949- _933332 |
|
| 245 | 1 | 3 |
_aLa escoba de la viuda / _cChris Van Allsburg ; tr. Catalina Domínguez |
| 260 |
_aMéxico : _bFCE, _c1993 |
||
| 300 |
_a30 p. : _bil |
||
| 440 | 4 | _aLos especiales de a la orilla del viento | |
| 650 | 4 |
_aCUENTOS HOLANDESES _912882 |
|
| 650 | 4 |
_aCuentos infantiles _96744 |
|
| 905 | _aInfantil | ||
| 999 |
_c20536 _d20536 |
||